• 首页
  • 本馆介绍
  • 公告通知
  • 最新文献
  • 馆藏检索
  • 电子资源
  • 读者导购
  • 参考咨询
  • 我的图书馆
  • 登录
  • 详细信息显示
  • 放入我的书架
  • 预约/预借图书
  • 作者相关作品
  • 分类相关作品
  • 丛书相关作品
  • 出版社相关作品

书目信息

  • 表格格式
  • 工作单格式
  • 卡片格式
题名:
中国共产党党史镜鉴
    
 
作者: 缪晓敏
分册: 第三卷  
出版信息: 北京   红旗出版社  
页数: 200页
开本: 20cm
丛书名:
单 册:
中图分类: D202
科图分类:
主题词: 中国共产党
电子资源:
ISBN: 7-80068-970-0
000 00616nam0 2200193 450
001 2434628635
005 20240920094006.94
010    @a7-80068-970-0
100    @a20240920d km y0chiy0120 ea
101 0  @achi
102    @aCN@b110000
200 1  @a中国共产党党史镜鉴 @A@e@h第三卷@i@f缪晓敏等@FMiao Xiao Min Deng@g
210    @a北京@c红旗出版社
215    @a200页@c@d20cm
606 0  @a中国共产党
690    @aD202@v4
701  0 @a缪晓敏@AMiao Xiao Min
801  0 @aCN@b大连网信软件有限公司图书馆·11@c20240920@g
905    @aBZT@dD202@e2
    
    中国共产党党史镜鉴 .第三卷/缪晓敏等.-北京:红旗出版社
    200页;20cm
    
    
    ISBN 7-80068-970-0:
    
●
相关链接 在五车中查询图书 在当当中查询图书 在豆瓣中查询图书


正题名:中国共产党党史镜鉴     索取号:D202/2         预约/预借

序号 登录号 条形码 馆藏地/架位号 状态 备注
1 2001742293   2001742293   特藏书库/藏001架A面2层4列/ [索取号:D202/2] 在馆    
山东省滨州职业学院图书馆 欢迎您!
大连网信软件有限公司© 版权所有